| 000 | 00432nam a2200145 a 4500 | ||
|---|---|---|---|
| 001 | 000034665 | ||
| 005 | 20200930073828.0 | ||
| 008 | 111013s1975 dr 000 0 spa d | ||
| 040 |
_aDO-SdBNP _bspa _cBNPHU |
||
| 082 |
_axxx _bS211r |
||
| 100 | 1 |
_aSánchez, Laudiseo A. _924106 |
|
| 245 | 1 | 0 |
_aRamilletes del pensil florido / _cLaudiseo A. Sánchez. |
| 260 |
_aSanto Domingo : _bCultural Dominicana, _c1975. |
||
| 300 |
_a65 p. ; _c19 cm. |
||
| 999 |
_c34156 _d34156 |
||